HIMYM Trivia 4 - Statistics

General Stats
  • This quiz has been taken 160 times
  • The average score is 5 of 15
Answer Stats
Hint Answer % Correct
Lily's high school boyfriend Scooter
91%
Ted, Marshall, Lily and Robin (occasionally) unknowingly all shared what? Toothbrush
70%
What hybrid creature do Lily and Marshall discover in their apartment Cockamouse
69%
Robin has 5 dogs where did she get them? Ex-boyfriends
61%
Where Barney and Shannon were supposed to go with the peace corps Nicaragua
43%
Robin supports which Ice Hockey team Vancouver Canucks
36%
What is Arthur's (Marshall's boss at GNB) Dogs name Tugboat
35%
What is Ted's College radio show host name Dr. X
34%
What did Gary Blauman steal from Barney His accidental curly fry
30%
What time is the clock in Ted and Marshall's the apartment always set at 4:20
19%
What does P.L.E.A.S.E (Barney's job) stand for Provide Legal Exculpation And Sign Everything
15%
Lily's stamp of approval is golden what is Marshall's called Stamp Tramp
11%
What is the phenomenon that causes Robin and Kevin to say yes constantly Relationship Chicken
9%
What T-shirt does Marshall wear when he's mad at Lily Marshall and Steph 4eva
5%
What is the only phrase can Marshall say in Italian Come on bro don't bogart all the funyuns
1%
No matching quizzes found
Score Distribution
Percent of People with Each Score
Percentile by Number Answered
Your Score History
You have not taken this quiz